[Event "Turniej Blitza na II Lidze Juniorów 2018"]
[Site "Szczyrk, Poland"]
[Date "2018.07.26"]
[Round "5.24"]
[White "Majek, Kacper"]
[Black "Kukula, Karol"]
[Result "0-1"]
[TimeControl "3'+2\""]
[WhiteElo "1687"]
[BlackElo "1478"]

1. Nf3 {[%clk 00:03:03]} {[%emt 00:00:50]} Nf6 {[%clk 00:03:03]} {[%emt
00:00:05]} 2. g3 {[%clk 00:03:04]} b6 {[%clk 00:03:03]} 3. Bg2 {[%clk
00:03:05]} Bb7 {[%clk 00:03:04]} 4. O-O {[%clk 00:03:06]} {[%emt 00:00:03]} e6
{[%clk 00:03:06]} 5. d3 {[%clk 00:03:07]} Be7 {[%clk 00:03:07]} 6. e4 {[%clk
00:03:08]} {[%emt 00:00:04]} d5 {[%clk 00:03:07]} 7. e5 {[%clk 00:03:08]} Nfd7
{[%clk 00:03:08]} 8. Re1 {[%clk 00:03:08]} {[%emt 00:00:04]} c5 {[%clk
00:03:08]} 9. c4 {[%clk 00:03:03]} {[%emt 00:00:09]} O-O {[%clk 00:02:59]}
{[%emt 00:00:09]} 10. cxd5 Bxd5 {[%clk 00:02:59]} 11. Nc3 {[%clk 00:03:00]}
{[%emt 00:00:04]} Bb7 {[%clk 00:02:57]} {[%emt 00:00:05]} 12. d4 {[%clk
00:03:02]} cxd4 {[%clk 00:02:52]} {[%emt 00:00:09]} 13. Nb5 {[%clk 00:02:47]}
{[%emt 00:00:14]} Nc5 {[%clk 00:02:45]} {[%emt 00:00:09]} 14. Nbxd4 {[%clk
00:02:41]} {[%emt 00:00:09]} Nc6 {[%clk 00:02:43]} {[%emt 00:00:05]} 15. Be3
{[%clk 00:02:32]} {[%emt 00:00:09]} Nxd4 {[%clk 00:02:34]} {[%emt 00:00:10]} 16.
Bxd4 {[%clk 00:02:28]} {[%emt 00:00:08]} Qd7 {[%clk 00:02:22]} {[%emt
00:00:14]} 17. Be3 {[%clk 00:01:27]} {[%emt 00:01:01]} Qxd1 18. Raxd1 {[%clk
00:01:27]} Rfd8 {[%clk 00:02:18]} 19. Nd4 {[%clk 00:01:22]} {[%emt 00:00:09]}
Bxg2 {[%clk 00:02:09]} 20. Kxg2 {[%clk 00:01:23]} Rac8 {[%clk 00:02:00]} {[%emt
00:00:14]} 21. Nb5 {[%clk 00:01:24]} a6 {[%clk 00:01:50]} {[%emt 00:00:14]} 22.
Rxd8+ {[%clk 00:00:57]} Rxd8 {[%clk 00:01:51]} 23. Nd4 {[%clk 00:00:51]} {[%emt
00:00:06]} Nd3 {[%clk 00:01:40]} {[%emt 00:00:14]} 24. Re2 {[%clk 00:00:37]}
{[%emt 00:00:18]} Nxe5 {[%clk 00:01:39]} 25. f4 {[%clk 00:00:25]} {[%emt
00:00:17]} Nc4 {[%clk 00:01:34]} {[%emt 00:00:05]} 26. Nc6 {[%clk 00:00:23]}
{[%emt 00:00:05]} Nxe3+ {[%clk 00:01:35]} 27. Rxe3 {[%clk 00:00:20]} {[%emt
00:00:04]} Rd2+ {[%clk 00:01:18]} {[%emt 00:00:19]} 28. Kh3 {[%clk 00:00:12]}
{[%emt 00:00:10]} Bc5 {[%clk 00:01:18]} {[%emt 00:00:04]} 29. Ne5 {[%clk
00:00:05]} {[%emt 00:00:10]} Bxe3 {[%clk 00:01:18]} 0-1

[Event "Turniej Blitza na II Lidze Juniorów 2018"]
[Site "Szczyrk, Poland"]
[Date "2018.07.26"]
[Round "5.27"]
[White "Binek, Dawid"]
[Black "Owoc, Jakub"]
[Result "1-0"]
[TimeControl "3'+2\""]
[WhiteElo "1353"]
[BlackElo "1556"]

1. Nf3 {[%clk 00:03:03]} {[%emt 00:01:46]} g6 {[%clk 00:03:01]} {[%emt
00:00:04]} 2. d4 {[%clk 00:03:04]} Bg7 {[%clk 00:03:02]} {[%emt 00:00:01]} 3.
c4 {[%clk 00:03:05]} {[%emt 00:00:01]} d6 {[%clk 00:03:03]} 4. Nc3 {[%clk
00:03:06]} {[%emt 00:00:01]} Bg4 {[%clk 00:03:04]} 5. h3 {[%clk 00:02:56]}
{[%emt 00:00:11]} Bxf3 {[%clk 00:03:02]} {[%emt 00:00:04]} 6. exf3 {[%clk
00:02:56]} {[%emt 00:00:03]} Nd7 {[%clk 00:03:02]} {[%emt 00:00:02]} 7. Be3
{[%clk 00:02:55]} {[%emt 00:00:04]} e5 {[%clk 00:03:02]} {[%emt 00:00:02]} 8.
Be2 {[%clk 00:02:50]} {[%emt 00:00:06]} f5 {[%clk 00:02:57]} {[%emt 00:00:07]}
9. dxe5 {[%clk 00:02:28]} {[%emt 00:00:24]} Nxe5 {[%clk 00:02:57]} {[%emt
00:00:01]} 10. Bd4 {[%clk 00:02:17]} {[%emt 00:00:14]} Nf6 {[%clk 00:02:52]}
{[%emt 00:00:07]} 11. O-O {[%clk 00:02:01]} {[%emt 00:00:18]} O-O {[%clk
00:02:52]} {[%emt 00:00:02]} 12. b3 {[%clk 00:01:54]} {[%emt 00:00:09]} Qe7
{[%clk 00:02:48]} {[%emt 00:00:06]} 13. Re1 {[%clk 00:01:50]} {[%emt 00:00:07]}
Qf7 {[%clk 00:02:24]} {[%emt 00:00:26]} 14. Bd3 {[%clk 00:01:40]} {[%emt
00:00:12]} Nxd3 {[%clk 00:02:22]} {[%emt 00:00:03]} 15. Qxd3 {[%clk 00:01:41]}
{[%emt 00:00:02]} Nd7 {[%clk 00:02:20]} {[%emt 00:00:03]} 16. Bxg7 {[%clk
00:01:35]} {[%emt 00:00:08]} Qxg7 {[%clk 00:02:17]} {[%emt 00:00:06]} 17. Nd5
{[%clk 00:01:33]} {[%emt 00:00:04]} Nf6 {[%clk 00:01:55]} {[%emt 00:00:23]} 18.
Nxf6+ {[%clk 00:01:11]} {[%emt 00:00:24]} Qxf6 {[%clk 00:01:52]} {[%emt
00:00:04]} 19. Qd5+ {[%clk 00:01:10]} {[%emt 00:00:04]} Kh8 {[%clk 00:01:47]}
{[%emt 00:00:06]} 20. Qxb7 {[%clk 00:01:10]} {[%emt 00:00:03]} Rae8 {[%clk
00:01:48]} 21. Qxc7 {[%clk 00:01:03]} {[%emt 00:00:09]} Rxe1+ {[%clk 00:01:41]}
{[%emt 00:00:09]} 22. Rxe1 {[%clk 00:01:03]} {[%emt 00:00:02]} Rf7 {[%clk
00:01:42]} 23. Qc8+ {[%clk 00:00:58]} {[%emt 00:00:08]} Kg7 {[%clk 00:01:43]}
24. Qe6 {[%clk 00:00:56]} {[%emt 00:00:04]} Qd4 {[%clk 00:01:26]} {[%emt
00:00:17]} 25. Qe3 {[%clk 00:00:45]} {[%emt 00:00:15]} Qb2 {[%clk 00:01:25]}
{[%emt 00:00:03]} 26. Qe2 {[%clk 00:00:44]} {[%emt 00:00:02]} Qc3 {[%clk
00:01:18]} {[%emt 00:00:10]} 27. Rd1 {[%clk 00:00:42]} {[%emt 00:00:04]} Qf6
{[%clk 00:01:14]} {[%emt 00:00:05]} 28. Qd3 {[%clk 00:00:42]} {[%emt 00:00:03]}
Rd7 {[%clk 00:01:15]} {[%emt 00:00:01]} 29. Qd5 {[%clk 00:00:43]} {[%emt
00:00:02]} Qb2 {[%clk 00:00:43]} {[%emt 00:00:33]} 30. Qd4+ {[%clk 00:00:44]}
Qxd4 {[%clk 00:00:42]} {[%emt 00:00:04]} 31. Rxd4 {[%clk 00:00:46]} Kf6 {[%clk
00:00:42]} {[%emt 00:00:04]} 32. Kf1 {[%clk 00:00:46]} Ke5 {[%clk 00:00:44]} 33.
Rd5+ {[%clk 00:00:47]} {[%emt 00:00:01]} Ke6 {[%clk 00:00:44]} {[%emt
00:00:02]} 34. Ke2 {[%clk 00:00:47]} {[%emt 00:00:02]} Rb7 {[%clk 00:00:45]}
{[%emt 00:00:01]} 35. Rd3 {[%clk 00:00:44]} {[%emt 00:00:03]} Rb6 {[%clk
00:00:46]} {[%emt 00:00:02]} 36. Kd2 {[%clk 00:00:45]} {[%emt 00:00:02]} Ra6
{[%clk 00:00:47]} 37. a4 {[%clk 00:00:41]} {[%emt 00:00:05]} Rb6 {[%clk
00:00:49]} 38. Kc3 {[%clk 00:00:43]} a5 {[%clk 00:00:48]} {[%emt 00:00:02]} 39.
Re3+ {[%clk 00:00:40]} {[%emt 00:00:05]} Kf7 {[%clk 00:00:48]} {[%emt
00:00:02]} 40. Rd3 {[%clk 00:00:40]} {[%emt 00:00:03]} Ke6 {[%clk 00:00:47]}
{[%emt 00:00:02]} 41. Rd5 {[%clk 00:00:41]} Ra6 {[%clk 00:00:48]} {[%emt
00:00:01]} 42. Rb5 {[%clk 00:00:42]} {[%emt 00:00:01]} Ra7 {[%clk 00:00:47]}
{[%emt 00:00:03]} 43. Rb8 {[%clk 00:00:40]} {[%emt 00:00:04]} h5 {[%clk
00:00:39]} {[%emt 00:00:10]} 44. Rg8 {[%clk 00:00:39]} {[%emt 00:00:03]} Kf7
{[%clk 00:00:40]} {[%emt 00:00:01]} 45. Rb8 {[%clk 00:00:39]} {[%emt 00:00:03]}
Ke6 {[%clk 00:00:41]} 46. Rb5 {[%clk 00:00:40]} Kf6 {[%clk 00:00:37]} {[%emt
00:00:05]} 47. Rb6 {[%clk 00:00:37]} {[%emt 00:00:05]} Ke5 {[%clk 00:00:36]}
{[%emt 00:00:02]} 48. Rb5+ {[%clk 00:00:38]} {[%emt 00:00:03]} Ke6 {[%clk
00:00:37]} {[%emt 00:00:01]} 49. Kd4 {[%clk 00:00:39]} Ra8 {[%clk 00:00:33]}
{[%emt 00:00:06]} 50. Rb6 {[%clk 00:00:38]} {[%emt 00:00:04]} Ra7 {[%clk
00:00:33]} 51. c5 {[%clk 00:00:38]} {[%emt 00:00:03]} Kf7 {[%clk 00:00:22]}
{[%emt 00:00:13]} 52. Rxd6 {[%clk 00:00:38]} {[%emt 00:00:03]} Rb7 {[%clk
00:00:23]} 53. Rb6 {[%clk 00:00:39]} {[%emt 00:00:01]} Rd7+ {[%clk 00:00:25]}
54. Kc3 {[%clk 00:00:39]} Rd1 {[%clk 00:00:25]} {[%emt 00:00:01]} 55. Rb7+
{[%clk 00:00:40]} {[%emt 00:00:02]} Kf6 {[%clk 00:00:26]} {[%emt 00:00:01]} 56.
Rb6+ {[%clk 00:00:40]} {[%emt 00:00:02]} Kf7 {[%clk 00:00:26]} 57. Ra6 {[%clk
00:00:42]} Rc1+ {[%clk 00:00:27]} {[%emt 00:00:03]} 58. Kb2 {[%clk 00:00:43]}
{[%emt 00:00:01]} Rxc5 {[%clk 00:00:27]} {[%emt 00:00:01]} 59. Ra7+ {[%clk
00:00:41]} {[%emt 00:00:04]} Kf6 {[%clk 00:00:28]} {[%emt 00:00:01]} 60. Ra6+
{[%clk 00:00:42]} {[%emt 00:00:01]} Kf7 {[%clk 00:00:28]} {[%emt 00:00:02]} 61.
Rb6 {[%clk 00:00:43]} Rd5 {[%clk 00:00:28]} {[%emt 00:00:02]} 62. Rb5 {[%clk
00:00:44]} {[%emt 00:00:01]} Rd2+ {[%clk 00:00:29]} {[%emt 00:00:01]} 63. Kc3
{[%clk 00:00:45]} Rxf2 {[%clk 00:00:30]} {[%emt 00:00:01]} 64. Rxa5 {[%clk
00:00:46]} {[%emt 00:00:01]} Rxg2 {[%clk 00:00:29]} {[%emt 00:00:02]} 65. Ra7+
{[%clk 00:00:47]} {[%emt 00:00:01]} Ke6 {[%clk 00:00:30]} {[%emt 00:00:02]} 66.
b4 {[%clk 00:00:48]} {[%emt 00:00:01]} Rg3 {[%clk 00:00:31]} 67. Kd4 {[%clk
00:00:48]} {[%emt 00:00:01]} Rxf3 {[%clk 00:00:32]} {[%emt 00:00:02]} 68. b5
{[%clk 00:00:49]} Rf4+ {[%clk 00:00:33]} 69. Ke3 {[%clk 00:00:50]} {[%emt
00:00:01]} Rb4 {[%clk 00:00:34]} 70. Ra6+ {[%clk 00:00:50]} {[%emt 00:00:03]}
Ke5 {[%clk 00:00:35]} 71. b6 {[%clk 00:00:50]} {[%emt 00:00:03]} Kd6 {[%clk
00:00:36]} {[%emt 00:00:01]} 72. a5 {[%clk 00:00:48]} {[%emt 00:00:03]} Kc6
{[%clk 00:00:37]} {[%emt 00:00:01]} 73. Ra7 {[%clk 00:00:49]} {[%emt 00:00:02]}
Rb3+ {[%clk 00:00:36]} {[%emt 00:00:03]} 74. Kf4 {[%clk 00:00:49]} {[%emt
00:00:02]} Rxh3 {[%clk 00:00:31]} {[%emt 00:00:06]} 75. b7 {[%clk 00:00:49]}
{[%emt 00:00:02]} Rb3 {[%clk 00:00:32]} 76. a6 {[%clk 00:00:50]} {[%emt
00:00:02]} h4 {[%clk 00:00:27]} {[%emt 00:00:07]} 77. Ra8 {[%clk 00:00:51]}
{[%emt 00:00:01]} h3 {[%clk 00:00:27]} {[%emt 00:00:02]} 78. Rc8+ {[%clk
00:00:50]} {[%emt 00:00:03]} Kd5 {[%clk 00:00:26]} {[%emt 00:00:02]} 79. b8=Q
{[%clk 00:00:47]} {[%emt 00:00:05]} Ra3 {[%clk 00:00:15]} {[%emt 00:00:11]} 80.
Qb7+ {[%clk 00:00:47]} {[%emt 00:00:04]} Kd4 {[%clk 00:00:13]} {[%emt
00:00:03]} 81. Qd7# {[%clk 00:00:48]} {[%emt 00:00:03]} 1-0

[Event "Turniej Blitza na II Lidze Juniorów 2018"]
[Site "Szczyrk, Poland"]
[Date "2018.07.26"]
[Round "5.40"]
[White "Wolak, Julia"]
[Black "Tadych, Szymon"]
[Result "0-1"]
[TimeControl "3'+2\""]
[WhiteElo "1234"]
[BlackElo "1437"]

1. e4 {[%clk 00:03:01]} {[%emt 00:00:02]} e6 {[%clk 00:03:04]} {[%emt
00:00:01]} 2. d4 {[%clk 00:02:59]} {[%emt 00:00:03]} d5 {[%clk 00:03:05]} 3.
Nc3 {[%clk 00:03:00]} {[%emt 00:00:02]} Bb4 {[%clk 00:03:05]} 4. e5 {[%clk
00:02:59]} {[%emt 00:00:03]} c5 {[%clk 00:03:05]} {[%emt 00:00:03]} 5. Be3
{[%clk 00:02:50]} {[%emt 00:00:10]} cxd4 {[%clk 00:03:00]} {[%emt 00:00:08]} 6.
Bxd4 {[%clk 00:02:50]} {[%emt 00:00:02]} Nc6 {[%clk 00:03:00]} 7. Qg4 {[%clk
00:02:47]} {[%emt 00:00:05]} Bxc3+ {[%clk 00:02:50]} {[%emt 00:00:12]} 8. bxc3
{[%clk 00:02:41]} {[%emt 00:00:08]} g6 {[%clk 00:02:51]} 9. Nf3 {[%clk
00:02:38]} {[%emt 00:00:05]} Nh6 {[%clk 00:02:46]} {[%emt 00:00:07]} 10. Qf4
{[%clk 00:02:30]} {[%emt 00:00:09]} Nf5 {[%clk 00:02:40]} {[%emt 00:00:09]} 11.
Bb5 {[%clk 00:02:28]} {[%emt 00:00:04]} Bd7 {[%clk 00:02:41]} {[%emt 00:00:02]}
12. O-O {[%clk 00:02:25]} {[%emt 00:00:05]} a6 {[%clk 00:02:41]} {[%emt
00:00:01]} 13. Ba4 {[%clk 00:02:15]} {[%emt 00:00:12]} b5 {[%clk 00:02:32]}
{[%emt 00:00:11]} 14. Bb3 {[%clk 00:02:16]} {[%emt 00:00:02]} O-O {[%clk
00:02:32]} {[%emt 00:00:02]} 15. h3 {[%clk 00:02:12]} {[%emt 00:00:06]} Rc8
{[%clk 00:02:08]} {[%emt 00:00:25]} 16. a3 {[%clk 00:02:09]} {[%emt 00:00:06]}
Kh8 {[%clk 00:02:07]} {[%emt 00:00:03]} 17. g4 {[%clk 00:02:04]} {[%emt
00:00:07]} Nfxd4 {[%clk 00:02:07]} {[%emt 00:00:02]} 18. cxd4 {[%clk 00:02:03]}
{[%emt 00:00:03]} Ne7 {[%clk 00:02:05]} {[%emt 00:00:03]} 19. Qf6+ {[%clk
00:02:02]} {[%emt 00:00:03]} Kg8 {[%clk 00:02:05]} {[%emt 00:00:02]} 20. h4
{[%clk 00:01:50]} {[%emt 00:00:15]} Nc6 {[%clk 00:02:05]} {[%emt 00:00:02]} 21.
Qf4 {[%clk 00:01:43]} {[%emt 00:00:08]} Na5 {[%clk 00:02:01]} {[%emt 00:00:07]}
22. h5 {[%clk 00:01:41]} {[%emt 00:00:04]} Nxb3 {[%clk 00:01:58]} {[%emt
00:00:05]} 23. cxb3 {[%clk 00:01:41]} {[%emt 00:00:01]} Re8 {[%clk 00:01:51]}
{[%emt 00:00:09]} 24. hxg6 {[%clk 00:01:42]} {[%emt 00:00:01]} fxg6 {[%clk
00:01:48]} {[%emt 00:00:05]} 25. Qh6 {[%clk 00:01:28]} {[%emt 00:00:16]} Qe7
{[%clk 00:01:46]} {[%emt 00:00:05]} 26. Kg2 {[%clk 00:01:22]} {[%emt 00:00:08]}
Qg7 {[%clk 00:01:47]} 27. Qh4 {[%clk 00:01:21]} {[%emt 00:00:03]} Qe7 {[%clk
00:01:44]} {[%emt 00:00:05]} 28. Qh3 {[%clk 00:01:18]} {[%emt 00:00:05]} Rc3
{[%clk 00:01:44]} {[%emt 00:00:01]} 29. Qh4 {[%clk 00:01:05]} {[%emt 00:00:15]}
Qg7 {[%clk 00:01:28]} {[%emt 00:00:18]} 30. Ng5 {[%clk 00:01:03]} {[%emt
00:00:05]} h6 {[%clk 00:01:28]} {[%emt 00:00:01]} 31. Nf3 {[%clk 00:00:57]}
{[%emt 00:00:08]} g5 {[%clk 00:01:29]} {[%emt 00:00:02]} 32. Qh5 {[%clk
00:00:55]} {[%emt 00:00:04]} Rf8 {[%clk 00:01:26]} {[%emt 00:00:05]} 33. Nd2
{[%clk 00:00:47]} {[%emt 00:00:10]} Be8 {[%clk 00:01:26]} 34. Qh2 {[%clk
00:00:42]} {[%emt 00:00:08]} Bg6 {[%clk 00:01:22]} {[%emt 00:00:05]} 35. Rh1
{[%clk 00:00:40]} {[%emt 00:00:05]} Kh7 {[%clk 00:01:20]} {[%emt 00:00:04]} 36.
Rac1 {[%clk 00:00:31]} {[%emt 00:00:11]} Rxc1 {[%clk 00:01:14]} {[%emt
00:00:08]} 37. Rxc1 {[%clk 00:00:32]} {[%emt 00:00:02]} Be4+ {[%clk 00:01:11]}
{[%emt 00:00:04]} 38. f3 {[%clk 00:00:33]} {[%emt 00:00:02]} Bg6 {[%clk
00:01:05]} {[%emt 00:00:08]} 39. Rc6 {[%clk 00:00:33]} {[%emt 00:00:01]} Qa7
{[%clk 00:00:51]} {[%emt 00:00:16]} 40. Qg1 {[%clk 00:00:20]} {[%emt 00:00:16]}
Re8 {[%clk 00:00:48]} {[%emt 00:00:06]} 41. Qe3 {[%clk 00:00:15]} {[%emt
00:00:05]} Re7 {[%clk 00:00:49]} {[%emt 00:00:02]} 42. f4 {[%clk 00:00:14]}
{[%emt 00:00:02]} Kg7 {[%clk 00:00:44]} 0-1

[Event "Turniej Blitza na II Lidze Juniorów 2018"]
[Site "Szczyrk, Poland"]
[Date "????.??.??"]
[Round "6.39"]
[White "Guzik, Michal"]
[Black "Derylo, Kamil"]
[Result "0-1"]
[TimeControl "3'+2\""]
[WhiteElo "1292"]
[BlackElo "1613"]

1. e4 {[%clk 00:03:02]} {[%emt 00:00:01]} c5 {[%clk 00:03:02]} {[%emt
00:00:02]} 2. Nf3 {[%clk 00:03:03]} {[%emt 00:00:01]} d6 {[%clk 00:03:03]}
{[%emt 00:00:02]} 3. d4 {[%clk 00:03:04]} {[%emt 00:00:01]} cxd4 {[%clk
00:03:03]} {[%emt 00:00:01]} 4. Nxd4 {[%clk 00:03:04]} {[%emt 00:00:02]} Nf6
{[%clk 00:03:03]} {[%emt 00:00:01]} 5. Nc3 {[%clk 00:03:05]} {[%emt 00:00:02]}
a6 {[%clk 00:03:04]} {[%emt 00:00:01]} 6. Be3 {[%clk 00:03:03]} {[%emt
00:00:05]} e5 {[%clk 00:03:05]} {[%emt 00:00:01]} 7. Nb3 {[%clk 00:03:03]}
{[%emt 00:00:02]} Be6 {[%clk 00:03:05]} {[%emt 00:00:01]} 8. f3 {[%clk
00:03:02]} {[%emt 00:00:03]} Be7 {[%clk 00:03:05]} {[%emt 00:00:02]} 9. Be2
{[%clk 00:03:01]} {[%emt 00:00:03]} O-O {[%clk 00:03:02]} {[%emt 00:00:06]} 10.
O-O {[%clk 00:03:01]} {[%emt 00:00:02]} Nbd7 {[%clk 00:02:59]} {[%emt
00:00:05]} 11. Qd2 {[%clk 00:02:58]} {[%emt 00:00:05]} Nc5 {[%clk 00:02:52]}
{[%emt 00:00:09]} 12. Nxc5 {[%clk 00:02:53]} {[%emt 00:00:06]} dxc5 {[%clk
00:02:53]} {[%emt 00:00:01]} 13. Qxd8 {[%clk 00:02:53]} {[%emt 00:00:02]} Rfxd8
{[%clk 00:02:54]} 14. Rad1 {[%clk 00:02:53]} {[%emt 00:00:03]} Rac8 {[%clk
00:02:25]} {[%emt 00:00:31]} 15. Rxd8+ {[%clk 00:02:53]} {[%emt 00:00:02]} Rxd8
{[%clk 00:02:27]} 16. Na4 {[%clk 00:02:52]} {[%emt 00:00:02]} c4 {[%clk
00:02:03]} {[%emt 00:00:26]} 17. Nb6 {[%clk 00:02:39]} {[%emt 00:00:15]} c3
{[%clk 00:01:56]} {[%emt 00:00:09]} 18. b3 {[%clk 00:02:40]} Nd7 {[%clk
00:01:36]} {[%emt 00:00:22]} 19. Na4 {[%clk 00:02:40]} {[%emt 00:00:02]} Bb4
{[%clk 00:01:30]} {[%emt 00:00:08]} 20. Rd1 {[%clk 00:02:41]} {[%emt 00:00:02]}
Kf8 {[%clk 00:01:08]} {[%emt 00:00:24]} 21. Rd3 {[%clk 00:02:41]} {[%emt
00:00:01]} Ke7 {[%clk 00:01:01]} {[%emt 00:00:09]} 22. Nxc3 {[%clk 00:02:42]}
{[%emt 00:00:02]} Rc8 {[%clk 00:00:58]} {[%emt 00:00:05]} 23. Bd2 {[%clk
00:02:16]} {[%emt 00:00:28]} Bc5+ {[%clk 00:00:57]} {[%emt 00:00:02]} 24. Kf1
{[%clk 00:02:15]} {[%emt 00:00:02]} Bd4 {[%clk 00:00:59]} {[%emt 00:00:01]} 25.
Ke1 {[%clk 00:02:06]} {[%emt 00:00:12]} Nc5 {[%clk 00:01:00]} {[%emt 00:00:01]}
26. Nb1 {[%clk 00:01:29]} {[%emt 00:00:39]} Nxd3+ {[%clk 00:00:40]} {[%emt
00:00:22]} 27. Bxd3 {[%clk 00:01:29]} {[%emt 00:00:01]} b5 {[%clk 00:00:41]}
{[%emt 00:00:02]} 28. Bb4+ {[%clk 00:01:29]} {[%emt 00:00:01]} Kd7 {[%clk
00:00:41]} {[%emt 00:00:02]} 29. Kd2 {[%clk 00:01:29]} {[%emt 00:00:03]} Bg1
{[%clk 00:00:38]} {[%emt 00:00:04]} 30. h3 {[%clk 00:01:30]} {[%emt 00:00:01]}
g6 {[%clk 00:00:35]} {[%emt 00:00:05]} 31. Nc3 {[%clk 00:01:31]} {[%emt
00:00:01]} Bd4 {[%clk 00:00:34]} {[%emt 00:00:03]} 32. Ne2 {[%clk 00:01:30]}
{[%emt 00:00:04]} Bb6 {[%clk 00:00:35]} 33. Bc3 {[%clk 00:01:23]} {[%emt
00:00:09]} Kd6 {[%clk 00:00:32]} {[%emt 00:00:04]} 34. Bb4+ {[%clk 00:01:18]}
{[%emt 00:00:07]} Bc5 {[%clk 00:00:27]} {[%emt 00:00:07]} 35. Bc3 {[%emt
00:00:03]} b4 {[%clk 00:00:20]} {[%emt 00:00:08]} 36. Bb2 {[%clk 00:01:20]} a5
{[%clk 00:00:21]} 37. Bb5 {[%clk 00:01:01]} {[%emt 00:00:21]} f5 {[%clk
00:00:21]} {[%emt 00:00:01]} 38. Ng3 {[%clk 00:00:51]} {[%emt 00:00:13]} Bf2
{[%clk 00:00:18]} {[%emt 00:00:06]} 39. Ne2 {[%clk 00:00:36]} {[%emt 00:00:16]}
Rc5 {[%clk 00:00:18]} {[%emt 00:00:02]} 40. Bd3 {[%clk 00:00:36]} {[%emt
00:00:02]} fxe4 {[%clk 00:00:14]} {[%emt 00:00:07]} 41. Bxe4 {[%clk 00:00:36]}
{[%emt 00:00:02]} Bf5 {[%clk 00:00:14]} 42. Bxf5 gxf5 {[%clk 00:00:15]} 43. Kc1
{[%emt 00:00:17]} Be3+ {[%clk 00:00:14]} {[%emt 00:00:02]} 44. Kd1 {[%clk
00:00:19]} Rd5+ {[%clk 00:00:15]} {[%emt 00:00:01]} 45. Ke1 {[%clk 00:00:21]}
Rd2 {[%clk 00:00:14]} {[%emt 00:00:04]} 46. a3 {[%clk 00:00:18]} {[%emt
00:00:05]} Rxc2 {[%clk 00:00:12]} {[%emt 00:00:03]} 0-1

[Event "Turniej Blitza na II Lidze Juniorów 2018"]
[Site "Szczyrk, Poland"]
[Date "????.??.??"]
[Round "6.31"]
[White "Poltorak, Sebastian"]
[Black "Wasik, Roman"]
[Result "1-0"]
[TimeControl "3'+2\""]
[WhiteElo "1594"]
[BlackElo "1369"]

1. d4 {[%clk 00:03:02]} {[%emt 00:00:01]} d6 {[%clk 00:03:02]} {[%emt
00:00:02]} 2. c4 {[%clk 00:03:03]} {[%emt 00:00:01]} g6 {[%clk 00:03:03]}
{[%emt 00:00:02]} 3. Nc3 {[%clk 00:03:05]} Bg7 {[%clk 00:03:04]} {[%emt
00:00:01]} 4. e4 {[%clk 00:03:06]} Nf6 {[%clk 00:03:04]} {[%emt 00:00:02]} 5.
f3 {[%clk 00:03:07]} O-O {[%clk 00:03:04]} {[%emt 00:00:02]} 6. Nge2 {[%clk
00:03:08]} {[%emt 00:00:01]} e5 {[%clk 00:02:58]} {[%emt 00:00:08]} 7. d5
{[%clk 00:03:08]} {[%emt 00:00:02]} Nbd7 {[%clk 00:02:58]} {[%emt 00:00:02]} 8.
Be3 {[%clk 00:03:09]} {[%emt 00:00:01]} c5 {[%clk 00:02:55]} {[%emt 00:00:05]}
9. dxc6 {[%clk 00:03:06]} {[%emt 00:00:05]} bxc6 {[%clk 00:02:55]} {[%emt
00:00:02]} 10. Qxd6 {[%clk 00:03:06]} {[%emt 00:00:02]} Bb7 {[%clk 00:02:50]}
{[%emt 00:00:07]} 11. Ng3 {[%clk 00:02:58]} {[%emt 00:00:10]} Nb6 {[%clk
00:02:50]} {[%emt 00:00:01]} 12. Qxd8 {[%clk 00:02:59]} {[%emt 00:00:02]} Raxd8
{[%clk 00:02:51]} {[%emt 00:00:01]} 13. Be2 {[%clk 00:03:00]} Rd7 {[%clk
00:02:37]} {[%emt 00:00:16]} 14. O-O {[%clk 00:02:58]} {[%emt 00:00:03]} Rfd8
{[%clk 00:02:39]} {[%emt 00:00:01]} 15. Bxb6 {[%clk 00:02:57]} {[%emt
00:00:03]} axb6 {[%clk 00:02:40]} {[%emt 00:00:02]} 16. Rfd1 {[%clk 00:02:57]}
Nh5 {[%clk 00:02:34]} {[%emt 00:00:07]} 17. Nxh5 {[%clk 00:02:56]} {[%emt
00:00:04]} gxh5 {[%clk 00:02:32]} {[%emt 00:00:04]} 18. Rxd7 {[%clk 00:02:56]}
{[%emt 00:00:02]} Rxd7 {[%clk 00:02:33]} 19. Rd1 {[%clk 00:02:57]} {[%emt
00:00:01]} Rxd1+ {[%clk 00:02:28]} {[%emt 00:00:06]} 20. Bxd1 {[%clk 00:02:58]}
{[%emt 00:00:02]} Ba6 {[%clk 00:02:22]} {[%emt 00:00:08]} 21. Be2 {[%clk
00:02:56]} {[%emt 00:00:03]} Bf8 {[%clk 00:02:18]} {[%emt 00:00:06]} 22. a3
{[%clk 00:02:53]} {[%emt 00:00:06]} Bc5+ {[%clk 00:02:18]} {[%emt 00:00:01]} 23.
Kf1 {[%clk 00:02:54]} {[%emt 00:00:01]} Bd4 {[%clk 00:02:19]} {[%emt 00:00:02]}
24. Ke1 {[%clk 00:02:47]} {[%emt 00:00:08]} Bxc3+ {[%clk 00:02:19]} {[%emt
00:00:02]} 25. bxc3 {[%clk 00:02:49]} Kf8 {[%clk 00:02:18]} {[%emt 00:00:03]}
26. c5 {[%clk 00:02:30]} {[%emt 00:00:21]} Bxe2 {[%clk 00:02:10]} {[%emt
00:00:10]} 27. Kxe2 {[%clk 00:02:31]} {[%emt 00:00:01]} bxc5 {[%clk 00:02:11]}
{[%emt 00:00:01]} 28. Kd3 {[%clk 00:02:32]} Ke7 {[%clk 00:02:08]} {[%emt
00:00:05]} 29. Kc4 {[%clk 00:02:33]} {[%emt 00:00:01]} Kd6 {[%clk 00:02:09]}
{[%emt 00:00:01]} 30. a4 {[%clk 00:02:34]} h4 {[%clk 00:01:48]} {[%emt
00:00:22]} 31. h3 {[%clk 00:02:30]} {[%emt 00:00:06]} h5 {[%clk 00:01:46]}
{[%emt 00:00:05]} 32. a5 {[%clk 00:02:32]} {[%emt 00:00:01]} f6 {[%clk
00:01:40]} {[%emt 00:00:06]} 33. a6 {[%clk 00:02:32]} {[%emt 00:00:03]} Kc7
{[%clk 00:01:41]} {[%emt 00:00:01]} 34. Kxc5 {[%clk 00:02:32]} {[%emt
00:00:02]} 1-0